Karnaval

Bibliographic Details
Main Author: Dacej, Vasiľ, 1936- (Author)
Format: Book
Language:Ukrainian
Published: Prjašiv Spilka ukrajins'kych pys'mennykiv Slovaččyny 2017
Edition:Vydannja perše
Subjects:

MARC

LEADER 00000cam a2200000 4500
001 vtls011753711
003 SK-MaSNL
005 20260301095527.0
008 200104s2017 xo g 000 f ukr
015 |a SNBA2018/06 
020 |a 9788097176150  |q (brožované) 
035 |a urn:nbn:sk:snk-am00d3lc 
035 |a urn:nbn:sk:snk-am3hkii 
035 |a FA6AA19B-462B-4724-9B28-15F9FC70DA45 
040 |a SNK  |b slo  |c SNK  |e rda 
041 0 |a ukr 
044 |a xo  |c SK 
072 7 |a 821.161  |x Východoslovanské literatúry  |2 konspekt 
080 |a 821.161.2-31  |2 2011 
080 |a 821.161.2-3  |2 2011 
100 1 |a Dacej, Vasiľ,  |d 1936-  |4 aut  |9 132022 
245 1 0 |a Karnaval  |c Vasyľ Dacej 
250 |a Vydannja perše 
264 1 |a Prjašiv  |b Spilka ukrajins'kych pys'mennykiv Slovaččyny  |c 2017 
300 |a 158 strán  |c 21 cm 
336 |a text  |b txt  |2 rdacontent 
337 |a bez média  |b n  |2 rdamedia 
338 |a zväzok  |b nc  |2 rdacarrier 
366 |e 200 kusov. Nepredajná 
500 |a Tiráž súbežne v slovenčine 
655 7 |a ukrajinské romány  |2 SNKPH  |9 78649 
655 7 |a Ukrainian fiction  |2 SNKPHeng  |9 331314 
919 |a 978-80-971761-5-0 
958 |a LX 
999 |c 683406  |d 685336 
952 |a SNK  |b SNK  |y PREZ  |7 0  |p 17A1331170  |o snkSC 179633  |i snk2018/11353  |8 0  |0 0  |1 0  |4 0  |d 2018-05-24  |f 1  |l 0  |r 2026-02-23 20:03:57  |w 2026-02-23 
952 |a SNK  |b SNK  |y VYP  |7 0  |p 17A1331171  |o snkSC 179633 D1  |i snk2018/11355  |8 0  |0 0  |1 0  |4 0  |d 2018-05-24  |l 0  |r 2026-02-23 20:03:57  |w 2026-02-23